000
00198 a2200097 4500
001
28047
100
_a
Solzhern
245
_a
Gulag archipelago
260
_a
_b
Collins
_c
1973
090
_c
18747
_d
18747
942
_a
NUST-CAE
_c
M
_c
9721
999
_c
263120
_d
263120